Central Library OPAC University of Rajshahi

Goa, Rome of the Orient : (Record no. 26354)

MARC details
000 -LEADER
fixed length control field 00747nam a22002531 4500
001 - CONTROL NUMBER
control field 26354
003 - CONTROL NUMBER IDENTIFIER
rucl marc code BD-RjUL
005 - DATE AND TIME OF LATEST TRANSACTION
control field 20211209051015.0
008 - FIXED-LENGTH DATA ELEMENTS--GENERAL INFORMATION
fixed length control field 140322s1957 enka 000 0 eng
035 ## - SYSTEM CONTROL NUMBER
System control number (BD-RjUL)26424
System control number (OCoLC)905189
040 ## - CATALOGING SOURCE
Original cataloging agency DLC
Transcribing agency NSyU
Modifying agency ICIU
-- DLC
-- BD-RjUL
Language of cataloging eng
041 1# - LANGUAGE CODE
Language code of text/sound track or separate title eng
Language code of original fre
082 ## - DEWEY DECIMAL CLASSIFICATION NUMBER
Classification number 954.7
Author mark and year REG 1957
100 0# - MAIN ENTRY--PERSONAL NAME
Personal name Rémy,
Dates associated with a name 1904-
9 (RLIN) 81042
245 10 - TITLE STATEMENT
Title Goa, Rome of the Orient :
Statement of responsibility, etc. Rémy [pseud.] Translated from the French by Lancelot C. Sheppard.
260 ## - PUBLICATION, DISTRIBUTION, ETC. (IMPRINT)
Place of publication, distribution, etc. London :
Name of publisher, distributor, etc. A. Baker,
Date of publication, distribution, etc. 1957.
300 ## - PHYSICAL DESCRIPTION
Pagination 238 p. :
Illustrations ill. ;
Size 23 cm.
610 20 - SUBJECT ADDED ENTRY--CORPORATE NAME
Corporate name or jurisdiction name as entry element Catholic Church
Geographic subdivision India
-- Velha Goa.
651 #0 - SUBJECT ADDED ENTRY--GEOGRAPHIC NAME
Geographic name Goa
General subdivision History.
9 (RLIN) 81044
942 ## - ADDED ENTRY ELEMENTS (KOHA)
Source of classification or shelving scheme Dewey Decimal Classification
Koha item type Books
Holdings
Lost status Source of classification or shelving scheme Damaged status Not for loan Collection code Permanent Location Current Location Shelving location Date acquired Source of acquisition Cost, normal purchase price Total Checkouts Full call number Date last seen Copy number Koha item type
  Dewey Decimal Classification   Added to bundle Non-fiction Central Library, University of Rajshahi Central Library, University of Rajshahi Reading Room 20/03/1963 Register 21.00   954.7 REG 1957 22/03/2014 C-1 Books